| 000 | 00316nam a22001217a 4500 | ||
|---|---|---|---|
| 999 |
_c535045 _d535045 |
||
| 020 | _a9788122430837 | ||
| 040 | _cMSOHAIL | ||
| 082 |
_a628.922 _bJAI |
||
| 100 |
_aV.K. Jain _929539 |
||
| 245 | _aFire Safety In Buildings - 2nd edition | ||
| 260 |
_aNew Age International Publishers _bIndia _cc2010 |
||
| 942 |
_2ddc _cBK |
||